[Event "M.Chigorin Memorial"]
[Site "St. Petersburg RUS"]
[Date "2009.10.16"]
[Round "1.2"]
[White "Duzhakov, Ilya"]
[Black "Kurnosov, Igor"]
[Result "0-1"]
[WhiteElo "2321"]
[BlackElo "2669"]
[PlyCount "78"]

1. d4 Nf6 2. c4 g6 3. g3 Bg7 4. Bg2 O-O 5. Nc3 d6 6. Nf3 Nc6 7. O-O Bf5 8. b3
e5 9. Bb2 Nxd4 10. Nxd4 exd4 11. Nb1 c5 12. Bxb7 Bh3 13. Re1 Rb8 14. Bf3 Ng4
15. Nd2 Qe7 16. e3 dxe3 17. Bxg4 Bxg4 18. Qxg4 Bxb2 19. Rxe3 Qxe3 20. fxe3 Bxa1
21. Qd7 a5 22. Ne4 Rbe8 23. Qc6 Re6 24. Qd5 Bg7 25. Kf2 Rfe8 26. Ng5 Rf6+ 27.
Nf3 Bh6 28. e4 Rfe6 29. g4 Bf4 30. Nd2 Bxh2 31. Kf3 h6 32. Nf1 Be5 33. Qd2 Rf6+
34. Kg2 Bd4 35. Qe1 Rf2+ 36. Kg3 Rxa2 37. Qb1 Rb2 38. Qd3 Rb8 39. Nd2 Rxd2 0-1

[Event "M.Chigorin Memorial"]
[Site "St. Petersburg RUS"]
[Date "2009.10.16"]
[Round "1.3"]
[White "Areshchenko, Alexander"]
[Black "Pecheritsa, Vitaly"]
[Result "1-0"]
[WhiteElo "2667"]
[BlackElo "2319"]
[PlyCount "85"]

1. e4 c5 2. Nf3 e6 3. d4 cxd4 4. Nxd4 Nc6 5. Nc3 a6 6. Be2 Qc7 7. O-O Nf6 8.
Be3 Bb4 9. Na4 Be7 10. Nxc6 bxc6 11. Nb6 Rb8 12. Nxc8 Qxc8 13. Bd4 c5 14. Be5
Rb6 15. b3 O-O 16. Bd3 d6 17. Bb2 Nd7 18. f4 Bf6 19. Bxf6 Nxf6 20. Qe2 Nd7 21.
e5 dxe5 22. fxe5 c4 23. Bxc4 Qc5+ 24. Kh1 Nxe5 25. Bxa6 Rd8 26. Rad1 Rbd6 27.
Rxd6 Qxd6 28. a4 f6 29. Bb5 Qb4 30. Qe1 Qc5 31. c3 Qa3 32. b4 Qa2 33. Qb1 Qd2
34. Qc1 Qa2 35. Rd1 Rd5 36. h3 Qb3 37. Rxd5 Qxd5 38. c4 Qe4 39. c5 Ng6 40. c6
Nf4 41. Bf1 Nxh3 42. c7 Nf2+ 43. Kg1 1-0

[Event "M.Chigorin Memorial"]
[Site "St. Petersburg RUS"]
[Date "2009.10.16"]
[Round "1.5"]
[White "Kobalia, Mikhail"]
[Black "Weisbuch, Udi"]
[Result "1-0"]
[WhiteElo "2648"]
[BlackElo "2317"]
[PlyCount "81"]

1. e4 e6 2. d4 d5 3. Nc3 Nf6 4. e5 Nfd7 5. f4 c5 6. Nf3 Nc6 7. Be3 cxd4 8. Nxd4
Bc5 9. Qd2 Nxd4 10. Bxd4 Bxd4 11. Qxd4 Qb6 12. Qxb6 Nxb6 13. Nb5 Ke7 14. O-O-O
Bd7 15. Nd4 a6 16. Kb1 Nc8 17. h4 h5 18. Rh3 Na7 19. Rg3 Rag8 20. Rb3 Rb8 21.
Be2 Nc6 22. Nf3 Na7 23. Rb6 Nc8 24. Rb4 Na7 25. Rb6 Nc8 26. Rb3 Na7 27. Rd2 Nc6
28. Rb6 Na7 29. Nd4 Nc8 30. Rb3 Na7 31. Rg3 Rbg8 32. Re3 Nc6 33. Nf3 Na7 34.
Ng5 Rc8 35. c4 Bc6 36. f5 d4 37. Rxd4 exf5 38. e6 Be4+ 39. Nxe4 fxe4 40. exf7
Rc7 41. Rdxe4+ 1-0

[Event "M.Chigorin Memorial"]
[Site "St. Petersburg RUS"]
[Date "2009.10.16"]
[Round "1.6"]
[White "Molchanova, Tatjana"]
[Black "Amonatov, Farrukh"]
[Result "1-0"]
[WhiteElo "2316"]
[BlackElo "2643"]
[PlyCount "95"]

1. d4 Nf6 2. Nf3 g6 3. c4 Bg7 4. g3 O-O 5. Bg2 d6 6. O-O Nbd7 7. Nc3 e5 8. h3
a6 9. Re1 Rb8 10. a4 a5 11. b3 Re8 12. dxe5 dxe5 13. Qc2 c6 14. Be3 Qe7 15. Ng5
Nc5 16. Rac1 Bf5 17. Qb2 h6 18. Nf3 Rbd8 19. Red1 e4 20. Rxd8 Rxd8 21. Nd2 h5
22. b4 Ne6 23. bxa5 Nd4 24. Bxd4 Rxd4 25. e3 Rd3 26. Qc2 h4 27. Nf1 Nd7 28. Ne2
Nc5 29. Nf4 Ra3 30. g4 Bc8 31. Rd1 g5 32. Ne2 f5 33. gxf5 Bxf5 34. Nd4 Bg6 35.
Nd2 Rd3 36. N2b3 Nxa4 37. a6 bxa6 38. Nxc6 Qa3 39. Nbd4 Kh7 40. Rb1 Nc5 41. Qe2
Bf6 42. Qg4 Qa2 43. Rb7+ Nxb7 44. Bxe4 Qb1+ 45. Kg2 Kh6 46. Bxg6 Qd1 47. Qf5
Bxd4 48. Bf7 1-0

[Event "M.Chigorin Memorial"]
[Site "St. Petersburg RUS"]
[Date "2009.10.16"]
[Round "1.7"]
[White "Kazhgaleyev, Murtas"]
[Black "Vastrukhin, Oleg"]
[Result "1-0"]
[WhiteElo "2643"]
[BlackElo "2315"]
[PlyCount "79"]

1. d4 Nf6 2. c4 g6 3. Nc3 d5 4. cxd5 Nxd5 5. g3 Bg7 6. Bg2 Nxc3 7. bxc3 O-O 8.
e3 c6 9. Ne2 Be6 10. O-O Bc4 11. a4 Nd7 12. e4 e5 13. Be3 Qc7 14. Qc2 c5 15. d5
f5 16. exf5 gxf5 17. Bh3 Rae8 18. Rfe1 e4 19. Nf4 Ne5 20. Red1 Nd3 21. Nxd3
Bxd3 22. Rxd3 exd3 23. Qxd3 c4 24. Qd2 Qe5 25. Rc1 a6 26. d6 Rd8 27. Bf4 Qf6
28. Bg2 Rd7 29. Qd5+ Kh8 30. Bf1 Rfd8 31. Bxc4 Rxd6 32. Bxd6 Qxd6 33. Qxf5 Qd2
34. Rc2 Qd1+ 35. Kg2 Rf8 36. Qe4 Rd8 37. Rb2 b5 38. axb5 Bxc3 39. Rc2 axb5 40.
Rxc3 1-0

[Event "M.Chigorin Memorial"]
[Site "St. Petersburg RUS"]
[Date "2009.10.16"]
[Round "1.8"]
[White "Gorkavij, Vadim"]
[Black "Aleksandrov, Aleksej"]
[Result "1-0"]
[WhiteElo "2314"]
[BlackElo "2639"]
[PlyCount "99"]

1. e4 e5 2. Nf3 Nc6 3. d4 exd4 4. Nxd4 Bc5 5. Be3 Qf6 6. c3 Nge7 7. Bc4 O-O 8.
O-O b6 9. Nxc6 Qxc6 10. Bxc5 Qxc5 11. Qd4 d6 12. Qxc5 bxc5 13. Nd2 Rb8 14. Rab1
Rd8 15. Rfe1 Kf8 16. Nf3 h6 17. b4 cxb4 18. cxb4 Bd7 19. Rec1 Rb6 20. Bd3 c6
21. Nd2 Rdb8 22. a3 Be6 23. f4 g6 24. Kf2 f5 25. exf5 gxf5 26. Re1 Bf7 27. Nf3
c5 28. bxc5 dxc5 29. Ne5 Rd8 30. Rxb6 axb6 31. Rb1 Rd4 32. Rxb6 Rxf4+ 33. Kg3
Rd4 34. Rf6 Kg8 35. Rxf7 Nc6 36. Rd7 f4+ 37. Kf2 Nxe5 38. Rxd4 cxd4 39. Be4 Kf7
40. a4 Nc4 41. Kf3 Ke7 42. Kxf4 Kd6 43. Kg4 Nb2 44. a5 Kc5 45. Kh5 d3 46. Bxd3
Nxd3 47. Kxh6 Kb5 48. g4 Ne5 49. g5 Ng4+ 50. Kh5 1-0

[Event "M.Chigorin Memorial"]
[Site "St. Petersburg RUS"]
[Date "2009.10.16"]
[Round "1.9"]
[White "Savchenko, Boris"]
[Black "Yankovsky, Roman"]
[Result "1-0"]
[WhiteElo "2638"]
[BlackElo "2314"]
[PlyCount "47"]

1. e4 c5 2. Nf3 d6 3. d4 cxd4 4. Nxd4 Nf6 5. Nc3 g6 6. Be3 Bg7 7. f3 O-O 8. Qd2
Nc6 9. Bc4 Bd7 10. O-O-O Qa5 11. Nb3 Qc7 12. Bh6 Bxh6 13. Qxh6 Rac8 14. Kb1 Ne5
15. Be2 Nc4 16. Bxc4 Qxc4 17. h4 Be6 18. h5 b5 19. g4 b4 20. Rd4 bxc3 21. Rxc4
Bxc4 22. Nd4 Kh8 23. hxg6 fxg6 24. g5 1-0

[Event "M.Chigorin Memorial"]
[Site "St. Petersburg RUS"]
[Date "2009.10.16"]
[Round "1.10"]
[White "Ulanov, Alexandr"]
[Black "Zvjaginsev, Vadim"]
[Result "1/2-1/2"]
[WhiteElo "2312"]
[BlackElo "2635"]
[PlyCount "98"]

1. Nf3 g6 2. d4 Bg7 3. g3 c5 4. c3 Qa5 5. dxc5 Qxc5 6. Bg2 Nf6 7. O-O O-O 8. b4
Qh5 9. h3 h6 10. g4 Qb5 11. a4 Qc4 12. Bb2 d6 13. Na3 Qc7 14. Rc1 Nc6 15. Nd4
Bd7 16. Qb3 a6 17. Rfd1 e5 18. Nxc6 Bxc6 19. Bxc6 bxc6 20. c4 Rab8 21. Nc2 h5
22. Qg3 hxg4 23. hxg4 Nh7 24. Ba3 f5 25. b5 c5 26. Qd3 Rbd8 27. Ne3 Bh6 28.
bxa6 Qe7 29. Nd5 Qf7 30. Rb1 fxg4 31. Rf1 Rd7 32. Rb7 Rxb7 33. axb7 Qxb7 34.
Qxg6+ Qg7 35. Ne7+ Kh8 36. Qxg7+ Kxg7 37. Rd1 Ng5 38. Rxd6 Nh3+ 39. Kh2 Rxf2+
40. Kg3 Rf7 41. Bxc5 Rxe7 42. Rxh6 Rc7 43. Rh4 Kf6 44. Rxg4 Nf4 45. Be3 Nxe2+
46. Kf2 Nc3 47. Bb6 Rc6 48. c5 e4 49. Ke3 Nxa4 1/2-1/2

[Event "M.Chigorin Memorial"]
[Site "St. Petersburg RUS"]
[Date "2009.10.16"]
[Round "1.11"]
[White "Kokarev, Dmitry"]
[Black "Orlov, Oleg"]
[Result "1-0"]
[WhiteElo "2630"]
[BlackElo "2307"]
[PlyCount "49"]

1. e4 c5 2. Nf3 e6 3. d4 cxd4 4. Nxd4 Qb6 5. Nb3 Qc7 6. Bd3 Nf6 7. O-O d6 8. c4
Be7 9. Nc3 O-O 10. Qe2 Nbd7 11. f4 Nc5 12. Nb5 Qb6 13. Be3 e5 14. Nxc5 Ng4 15.
fxe5 Nxe3 16. Na4 Qa5 17. Qxe3 Qxa4 18. exd6 Bd8 19. e5 Be6 20. Kh1 g6 21. b3
Qb4 22. Qe4 Bg5 23. Nc7 Rad8 24. Nxe6 fxe6 25. Qg4 1-0

[Event "M.Chigorin Memorial"]
[Site "St. Petersburg RUS"]
[Date "2009.10.16"]
[Round "1.13"]
[White "Sakaev, Konstantin"]
[Black "Frolochkin, Vladimir"]
[Result "1-0"]
[WhiteElo "2625"]
[BlackElo "2305"]
[PlyCount "65"]

1. d4 Nf6 2. Nf3 d5 3. c4 e6 4. g3 dxc4 5. Bg2 a6 6. O-O Nc6 7. e3 Bd7 8. Nc3
Bb4 9. Ne5 Nxe5 10. dxe5 Bxc3 11. bxc3 Nd5 12. Ba3 Qg5 13. Qd4 O-O-O 14. f4 Qg4
15. e4 Nb6 16. Be7 Rde8 17. Bh4 h6 18. Qe3 Qg6 19. Rad1 Bc6 20. f5 Qh7 21. g4
h5 22. g5 exf5 23. Bh3 Kb8 24. exf5 Bd7 25. Qd4 g6 26. fxg6 Qxg6 27. Bxd7 Rd8
28. e6 fxe6 29. Qe5 Qc2 30. Bxe6 Rxd1 31. Qxh8+ Ka7 32. Qe5 Rd3 33. Bf5 1-0

[Event "M.Chigorin Memorial"]
[Site "St. Petersburg RUS"]
[Date "2009.10.16"]
[Round "1.14"]
[White "Khakimov, Timur"]
[Black "Volkov, Sergey"]
[Result "0-1"]
[WhiteElo "2291"]
[BlackElo "2616"]
[PlyCount "70"]

1. e4 e6 2. d4 d5 3. Nd2 c5 4. Ngf3 cxd4 5. Nxd4 Nf6 6. Bb5+ Bd7 7. Bxd7+ Nbxd7
8. exd5 Nxd5 9. O-O Be7 10. Ne4 O-O 11. c4 N5f6 12. Nxf6+ Bxf6 13. Be3 Rc8 14.
Rc1 Ne5 15. Qe2 Qa5 16. b3 a6 17. Rfd1 Rfd8 18. Rd2 b5 19. c5 Qa3 20. Rdc2 Rd5
21. c6 h5 22. h3 h4 23. c7 Rd7 24. Nc6 Rdxc7 25. Bc5 Qxc1+ 26. Rxc1 Rxc6 27. b4
Nd7 28. Qe4 a5 29. a3 Bb2 30. Rd1 Nxc5 31. bxc5 Rxc5 32. a4 b4 33. Qxh4 Bf6 34.
Qe4 b3 35. Qb7 b2 0-1

[Event "M.Chigorin Memorial"]
[Site "St. Petersburg RUS"]
[Date "2009.10.16"]
[Round "1.15"]
[White "Negi, Parimarjan"]
[Black "Bronnikova, Elizaveta"]
[Result "1-0"]
[WhiteElo "2615"]
[BlackElo "2290"]
[PlyCount "71"]

1. e4 d6 2. d4 Nf6 3. Nc3 g6 4. Be3 c6 5. h3 b5 6. Bd3 Nbd7 7. Nf3 Qc7 8. O-O
Bg7 9. Ne2 Bb7 10. Ng3 O-O 11. Qd2 Rfe8 12. a4 a6 13. Rfd1 e5 14. dxe5 dxe5 15.
c4 Nf8 16. axb5 cxb5 17. cxb5 axb5 18. Bxb5 Red8 19. Qb4 Ne6 20. Rxa8 Bxa8 21.
Rxd8+ Qxd8 22. Bc4 Nxe4 23. Nxe4 Bxe4 24. Bxe6 Bxf3 25. Bxf7+ Kxf7 26. gxf3 Qd5
27. Qe4 Qd1+ 28. Kg2 Qb3 29. Bc5 Bf6 30. Qa8 Bg7 31. Qc6 h5 32. Bd6 Qxb2 33.
Qd5+ Kf6 34. f4 exf4 35. Bxf4 Bf8 36. Be3 1-0

[Event "M.Chigorin Memorial"]
[Site "St. Petersburg RUS"]
[Date "2009.10.16"]
[Round "1.16"]
[White "Ivanov, Rostislav"]
[Black "Andriasian, Zaven"]
[Result "0-1"]
[WhiteElo "2287"]
[BlackElo "2612"]
[PlyCount "154"]

1. e4 c5 2. Nf3 d6 3. d4 cxd4 4. Nxd4 Nf6 5. Nc3 a6 6. Bg5 e6 7. f4 Be7 8. Qf3
Qc7 9. O-O-O h6 10. Bh4 Nbd7 11. Bd3 b5 12. e5 Bb7 13. Qh3 dxe5 14. Nxe6 fxe6
15. Bg6+ Kf8 16. Bxf6 Bxf6 17. Qxe6 Nc5 18. Qf5 Rc8 19. fxe5 Qxe5 20. Qxe5 Bxe5
21. Nd5 Rd8 22. Rhe1 Bf6 23. g4 Bc6 24. b4 Na4 25. Nxf6 Rxd1+ 26. Rxd1 gxf6 27.
Rd6 Bf3 28. Rxf6+ Kg7 29. Rxa6 Be2 30. Kd2 Bc4 31. Bf5 Re8 32. Rg6+ Kf7 33.
Rxh6 Re2+ 34. Kc1 Nc3 35. h4 Nxa2+ 36. Kb2 Nxb4 37. g5 Rf2 38. Bg6+ Kg7 39. h5
Rg2 40. Be4 Rxg5 41. Rg6+ Rxg6 42. Bxg6 Nd5 43. Be4 Kh6 44. Bf3 Kg5 45. Bd1 Kf6
46. Bg4 Kg5 47. Bf3 Kf5 48. c3 Kg5 49. Bd1 Kf5 50. Bf3 Ke5 51. Bd1 Ne3 52. Bf3
Bd3 53. Kb3 Kd6 54. Kb4 Nc2+ 55. Kb3 Kc5 56. h6 Ne3 57. Bh5 Bh7 58. Bf7 Nf5 59.
Be6 Nxh6 60. Kb2 Nf5 61. Bf7 Nd6 62. Be6 Be4 63. Bg8 Nc8 64. Be6 Nb6 65. Bb3
Bd5 66. Bd1 Nc4+ 67. Kc1 Be4 68. Be2 Kd6 69. Bg4 Bd3 70. Bh5 Ne5 71. Kd2 Kc5
72. Kc1 Kc4 73. Kb2 Kd5 74. Kb3 Bc4+ 75. Kb4 Nd3+ 76. Ka5 Kc5 77. Be8 Ne5 0-1

[Event "M.Chigorin Memorial"]
[Site "St. Petersburg RUS"]
[Date "2009.10.16"]
[Round "1.17"]
[White "Lysyj, Igor"]
[Black "Valov, Ilya"]
[Result "1-0"]
[WhiteElo "2612"]
[BlackElo "2274"]
[PlyCount "131"]

1. d4 Nf6 2. Nf3 c5 3. c4 g6 4. Nc3 Bg7 5. d5 d6 6. e4 O-O 7. Be2 b5 8. cxb5 a6
9. a4 axb5 10. Bxb5 Ba6 11. Bd2 Nbd7 12. O-O Ne8 13. Rb1 Nc7 14. Bxa6 Nxa6 15.
b3 Rb8 16. Nb5 Rb7 17. Re1 Qa8 18. Qc2 Rc8 19. Rec1 Rbb8 20. Bg5 Kf8 21. Qe2
Nc7 22. Na3 Qa6 23. Qxa6 Nxa6 24. Nb5 Nb4 25. Bd2 Nd3 26. Rc2 Nf6 27. Ne1 Nxe1
28. Rxe1 Nd7 29. Rb1 Ra8 30. f3 Ne5 31. Kf1 Ke8 32. Ke2 f5 33. Na3 fxe4 34.
fxe4 Rcb8 35. a5 Nd7 36. Nc4 Rb5 37. b4 cxb4 38. Rxb4 Rxb4 39. Bxb4 Bd4 40. Ra2
Ra6 41. Kd3 Ba7 42. h3 Kd8 43. Rb2 Bg1 44. Re2 Bc5 45. Bc3 e6 46. dxe6 Nf8 47.
Bf6+ Ke8 48. e7 Ne6 49. Rb2 Ba7 50. Rb6 Rxb6 51. axb6 Bb8 52. Ne3 Nc5+ 53. Kd4
Nd7 54. Nd5 Nxb6 55. Nxb6 Ba7 56. Kd5 Bxb6 57. Kxd6 Bf2 58. Ke6 Bc5 59. Bg5 Bb4
60. h4 Bc3 61. e5 Be1 62. Kf6 h6 63. Bxh6 Bxh4+ 64. Kxg6 Bg3 65. Kf5 Kxe7 66.
Bf4 1-0

[Event "M.Chigorin Memorial"]
[Site "St. Petersburg RUS"]
[Date "2009.10.16"]
[Round "1.18"]
[White "Bazeev, German"]
[Black "Sandipan, Chanda"]
[Result "1/2-1/2"]
[WhiteElo "2274"]
[BlackElo "2611"]
[PlyCount "115"]

1. d4 d5 2. c4 c6 3. Nc3 Nf6 4. Nf3 e6 5. e3 Nbd7 6. Bd3 dxc4 7. Bxc4 b5 8. Bd3
b4 9. Na4 c5 10. e4 cxd4 11. e5 Nd5 12. O-O Nc5 13. Nxc5 Bxc5 14. Ng5 Be7 15.
Ne4 O-O 16. Qh5 g6 17. Qh6 f5 18. exf6 Bxf6 19. Nxf6+ Qxf6 20. Bg5 Qf7 21. Rae1
Bb7 22. Qh4 Nf4 23. Be4 Rab8 24. Bxb7 Rxb7 25. Re4 e5 26. Rxe5 d3 27. Bxf4 Qxf4
28. Qxf4 Rxf4 29. Rd5 b3 30. a3 Rc4 31. Rxd3 Rc2 32. Rb1 Kg7 33. Rf3 a5 34. h3
h5 35. a4 h4 36. Kh2 Rf7 37. Rxb3 Rfxf2 38. Rg1 Rxb2 39. Rb5 Rxb5 40. axb5 Rb2
41. Ra1 Rxb5 42. Ra4 g5 43. g3 hxg3+ 44. Kxg3 Kf6 45. Kf3 Ke6 46. h4 Kd6 47.
hxg5 Rxg5 48. Ke3 Kc6 49. Kd3 Kb5 50. Rf4 Rc5 51. Kd2 a4 52. Rf1 Rc4 53. Rb1+
Ka5 54. Rc1 Rb4 55. Kc2 a3 56. Rb1 Rh4 57. Kb3 Rh3+ 58. Ka2 1/2-1/2

[Event "M.Chigorin Memorial"]
[Site "St. Petersburg RUS"]
[Date "2009.10.16"]
[Round "1.19"]
[White "Bocharov, Dmitry"]
[Black "Maevsky, Nikolay"]
[Result "1/2-1/2"]
[WhiteElo "2607"]
[BlackElo "2273"]
[PlyCount "120"]

1. d4 d5 2. c4 c6 3. Nf3 Nf6 4. e3 Bf5 5. Nc3 e6 6. Nh4 Bg6 7. Nxg6 hxg6 8. g3
Nbd7 9. b3 Bb4 10. Bd2 O-O 11. Bg2 e5 12. O-O exd4 13. exd4 Nb6 14. c5 Nbd7 15.
a3 Bxc3 16. Bxc3 Re8 17. Qd3 Ne4 18. Be1 Qf6 19. Rd1 Qe6 20. f3 Nef6 21. Bd2
Qf5 22. Qc3 Nf8 23. g4 Qd7 24. Bf4 Ne6 25. Be5 g5 26. Qd2 Qd8 27. Rf2 Nd7 28.
Bd6 Ndf8 29. h4 Ng6 30. hxg5 Nxg5 31. Re1 Rxe1+ 32. Qxe1 Ne6 33. f4 Nxd4 34. f5
Nh4 35. Qe3 Nb5 36. Be7 Nxg2 37. Rxg2 d4 38. Qg5 f6 39. Bxd8 fxg5 40. Bxg5 Re8
41. Kf2 Nxa3 42. Kf3 Nb5 43. b4 Kf7 44. Bf4 g6 45. fxg6+ Kxg6 46. Rh2 d3 47.
Be3 Nc3 48. Bd2 Nd5 49. Rh6+ Kg7 50. Rh2 Kg6 51. Rh6+ Kg7 52. Rh2 Re6 53. g5 b6
54. cxb6 axb6 55. Kg4 c5 56. bxc5 bxc5 57. Kf5 Re2 58. Rxe2 dxe2 59. Ke4 Nc7
60. Kd3 Kg6 1/2-1/2

[Event "M.Chigorin Memorial"]
[Site "St. Petersburg RUS"]
[Date "2009.10.16"]
[Round "1.20"]
[White "Dolzhikova, Kateryna"]
[Black "Iordachescu, Viorel"]
[Result "0-1"]
[WhiteElo "2272"]
[BlackElo "2607"]
[PlyCount "98"]

1. e4 g6 2. d4 Bg7 3. Nc3 c6 4. Bc4 d6 5. Qf3 e6 6. Nge2 Nd7 7. Bf4 Qe7 8. Qe3
Ngf6 9. h3 e5 10. dxe5 dxe5 11. Bg5 h6 12. Bh4 Qc5 13. Qxc5 Nxc5 14. f3 b5 15.
Bb3 a5 16. Bf2 Bf8 17. a4 Nxb3 18. cxb3 b4 19. Nb1 Nd7 20. Nd2 Nc5 21. Bxc5
Bxc5 22. Rc1 Be3 23. Rxc6 Be6 24. Nf1 Bg5 25. h4 Be7 26. Ne3 Kd7 27. Rc1 Rac8
28. Nc4 Rc5 29. h5 Bg5 30. Rc2 Rhc8 31. hxg6 fxg6 32. g3 Bxc4 33. bxc4 Rxc4 34.
Rxc4 Rxc4 35. Kd1 Be3 36. b3 Rc6 37. f4 Rd6+ 38. Ke1 Rd3 39. Rxh6 Rxb3 40. Kf1
Rb1+ 41. Kg2 b3 42. Rh8 Bd2 43. fxe5 b2 44. Rh7+ Ke8 45. Rh8+ Ke7 46. Rh7+ Kf8
47. Rh8+ Kg7 48. Rb8 Bb4 49. Nf4 Rd1 0-1

[Event "M.Chigorin Memorial"]
[Site "St. Petersburg RUS"]
[Date "2009.10.16"]
[Round "1.21"]
[White "Vorobiov, Evgeny E."]
[Black "Ivkina, Olga"]
[Result "1-0"]
[WhiteElo "2606"]
[BlackElo "2272"]
[PlyCount "137"]

1. e4 e6 2. d3 d5 3. Nd2 c5 4. g3 Nc6 5. Bg2 Nf6 6. Ngf3 dxe4 7. dxe4 Be7 8.
O-O O-O 9. Re1 Qc7 10. e5 Nd5 11. Qe2 Nd4 12. Nxd4 cxd4 13. Nb3 Qb6 14. Qg4 f5
15. Qxd4 Nb4 16. Qc4 Bd7 17. Be3 Qb5 18. Qxb5 Bxb5 19. Nd4 Bc4 20. a3 Nd5 21.
Bd2 Nc7 22. b3 Rfd8 23. Be3 Bd5 24. Bxd5 Nxd5 25. Nxe6 Nxe3 26. Rxe3 Rd2 27. c4
Rc8 28. Nf4 Bc5 29. Re2 Rxe2 30. Nxe2 Re8 31. Nf4 Rxe5 32. b4 Bf8 33. Rd1 g5
34. Nd5 Kf7 35. f4 Re4 36. fxg5 Kg6 37. h4 Bd6 38. Nf6 Re6 39. Kg2 h6 40. c5
Be5 41. Nd7 Bg7 42. gxh6 Bxh6 43. Rd6 Kf7 44. Ne5+ Kf6 45. Nc4 Bc1 46. Rd1 Re2+
47. Kf3 Rc2 48. Rd6+ Ke7 49. Ne5 Bxa3 50. Nd3 b6 51. h5 bxc5 52. bxc5 Rxc5 53.
Ra6 Rc3 54. Rxa7+ Kf6 55. Ke2 Kg5 56. Kd2 Rb3 57. Kc2 Rb8 58. Rxa3 Kxh5 59. Ra4
Kg5 60. Kd2 Re8 61. Nc1 Rb8 62. Ne2 Rb1 63. Ke3 Rb3+ 64. Kf2 Rd3 65. Ra8 Kf6
66. Ra6+ Kf7 67. Nf4 Rd8 68. Kf3 Rd1 69. Nh5 1-0

[Event "M.Chigorin Memorial"]
[Site "St. Petersburg RUS"]
[Date "2009.10.16"]
[Round "1.22"]
[White "Kharashuta, Ekaterina"]
[Black "Khairullin, Ildar"]
[Result "0-1"]
[WhiteElo "2257"]
[BlackElo "2604"]
[PlyCount "82"]

1. Nf3 c5 2. g3 Nc6 3. d4 cxd4 4. Nxd4 g6 5. Bg2 Bg7 6. Nb3 Nf6 7. Nc3 b6 8.
O-O O-O 9. e4 Ba6 10. Re1 d6 11. Be3 Rc8 12. a4 Nd7 13. Nd4 Nde5 14. Rb1 Nc4
15. Nxc6 Rxc6 16. Bd4 e5 17. Be3 Nxb2 18. Rxb2 Rxc3 19. a5 bxa5 20. Bxa7 Qd7
21. Qd2 Rfc8 22. Bb6 a4 23. Ba5 R3c5 24. Bb4 R5c6 25. Ra1 Rb6 26. Rba2 Bb5 27.
c3 Bf8 28. Qd1 d5 29. exd5 Bxb4 30. cxb4 Qd6 31. Bf1 Bd7 32. b5 Bxb5 33. Bxb5
Rxb5 34. Rxa4 Rxd5 35. Qf3 Rd3 36. Qg4 Rc2 37. Rc4 f5 38. Ra8+ Kf7 39. Ra7+ Ke6
40. Qh4 Rd1+ 41. Kg2 Rxf2+ 0-1

[Event "M.Chigorin Memorial"]
[Site "St. Petersburg RUS"]
[Date "2009.10.16"]
[Round "1.23"]
[White "Zhigalko, Andrey"]
[Black "Solovjova, Valentina"]
[Result "1-0"]
[WhiteElo "2601"]
[BlackElo "2257"]
[PlyCount "57"]

1. e4 c6 2. Ne2 d5 3. e5 Qc7 4. d4 c5 5. c4 cxd4 6. cxd5 Qxe5 7. Qxd4 Qxd4 8.
Nxd4 Nf6 9. Nc3 a6 10. Bg5 Nbd7 11. O-O-O g6 12. Bc4 Bg7 13. Rhe1 Nb6 14. Bb3
Kf8 15. Ne6+ fxe6 16. dxe6 h5 17. Rd8+ Ne8 18. Re4 Bxe6 19. Rxe6 Bh6 20. Bxh6+
Rxh6 21. Rxe8+ Rxe8 22. Rxb6 h4 23. h3 Rd8 24. Rxb7 Rh5 25. Rb6 Rg5 26. Bd5 a5
27. Be4 Kg7 28. f4 Rg3 29. Re6 1-0

[Event "M.Chigorin Memorial"]
[Site "St. Petersburg RUS"]
[Date "2009.10.16"]
[Round "1.24"]
[White "Zakharchenko, Arnold"]
[Black "Fedorov, Alexei"]
[Result "0-1"]
[WhiteElo "2255"]
[BlackElo "2600"]
[PlyCount "78"]

1. d4 Nf6 2. c4 g6 3. Nc3 Bg7 4. e4 d6 5. f3 O-O 6. Be3 Nc6 7. Nge2 Bd7 8. Qd2
a6 9. h4 h5 10. Rc1 b5 11. Nf4 e5 12. dxe5 Nxe5 13. c5 dxc5 14. Bxc5 Re8 15.
Be2 Bh6 16. Rd1 c6 17. O-O Qb8 18. Be3 Bf8 19. b3 a5 20. Qc2 a4 21. Rb1 axb3
22. axb3 Bd6 23. Nh3 Bxh3 24. gxh3 Ned7 25. Kg2 Bf4 26. Bf2 Ne5 27. Rfd1 Nfd7
28. Bf1 Nf8 29. Ne2 Ne6 30. Nd4 Nxd4 31. Rxd4 Ra3 32. Rdd1 Qa8 33. Bc5 Ra2 34.
Rb2 Ra6 35. Qc3 Ra1 36. Rbb1 Qa2+ 37. Rb2 Qxb2+ 38. Qxb2 Rxd1 39. Qc3 Ra8 0-1

[Event "M.Chigorin Memorial"]
[Site "St. Petersburg RUS"]
[Date "2009.10.16"]
[Round "1.25"]
[White "Burmakin, Vladimir"]
[Black "Balakirev, Ilya"]
[Result "1-0"]
[WhiteElo "2599"]
[BlackElo "2255"]
[PlyCount "67"]

1. Nf3 d5 2. c4 e6 3. g3 Nf6 4. Bg2 c6 5. b3 Be7 6. Bb2 O-O 7. O-O Nbd7 8. d3
b6 9. e4 Bb7 10. Qc2 c5 11. cxd5 exd5 12. e5 Ne8 13. d4 Nc7 14. Nc3 Ne6 15.
Rad1 Qc7 16. dxc5 Qxc5 17. Qd2 d4 18. Nxd4 Bxg2 19. Nxe6 fxe6 20. Kxg2 Nxe5 21.
Qe2 Qc6+ 22. f3 Ng6 23. Nb5 e5 24. Rc1 Qf6 25. f4 Bc5 26. b4 Qc6+ 27. Qf3 Qxb5
28. Qb3+ Kh8 29. bxc5 Qc6+ 30. Qf3 Qb5 31. Qc3 Qc6+ 32. Kg1 Qxc5+ 33. Qxc5 bxc5
34. Rxc5 1-0

[Event "M.Chigorin Memorial"]
[Site "St. Petersburg RUS"]
[Date "2009.10.16"]
[Round "1.26"]
[White "Poghosyan, Suren"]
[Black "Yudin, Sergei"]
[Result "1-0"]
[WhiteElo "2255"]
[BlackElo "2599"]
[PlyCount "105"]

1. d4 d5 2. c4 e6 3. Nf3 c6 4. e3 Bd6 5. Bd3 f5 6. O-O Nf6 7. b3 Qe7 8. a4 a5
9. Ba3 Bxa3 10. Nxa3 O-O 11. Qe2 b6 12. Ne5 Nfd7 13. f4 Nxe5 14. fxe5 Na6 15.
Rfc1 Bb7 16. Qd2 Qg5 17. g3 c5 18. Nb5 cxd4 19. Nxd4 Nc5 20. Bf1 Qh6 21. Bg2
Rad8 22. Rab1 Ba8 23. b4 Nd7 24. bxa5 bxa5 25. cxd5 Nxe5 26. dxe6 Bxg2 27. Kxg2
Ng4 28. h4 Nxe3+ 29. Kh3 g5 30. Qa2 Rde8 31. Rb7 Qf6 32. Rcc7 g4+ 33. Kh2 Qxd4
34. Rd7 Qe5 35. Rxh7 Nf1+ 36. Kg2 Qxg3+ 37. Kxf1 Qf3+ 38. Kg1 Qg3+ 39. Qg2 Qe1+
40. Qf1 Qg3+ 41. Kh1 Qe5 42. Qe2 Qd5+ 43. Kg1 Qd4+ 44. Kf1 Qf4+ 45. Kg2 Qd4 46.
h5 Qd5+ 47. Kg1 Qc5+ 48. Qf2 Qc1+ 49. Kh2 Rf6 50. Rbg7+ Kf8 51. e7+ Rxe7 52.
Rxe7 f4 53. Qe2 1-0

[Event "M.Chigorin Memorial"]
[Site "St. Petersburg RUS"]
[Date "2009.10.16"]
[Round "1.27"]
[White "Popov, Valerij"]
[Black "Kaganskiy, Gleb"]
[Result "1-0"]
[WhiteElo "2595"]
[BlackElo "2248"]
[PlyCount "41"]

1. c4 c6 2. Nf3 d5 3. e3 Nf6 4. Nc3 e6 5. b3 Nbd7 6. Qc2 Bd6 7. Bb2 O-O 8. h3
b6 9. d4 Bb7 10. O-O-O Qe7 11. Kb1 c5 12. cxd5 Nxd5 13. Nxd5 exd5 14. Bd3 h6
15. dxc5 bxc5 16. Qc3 Nf6 17. Nh4 d4 18. Qc2 Nd5 19. Nf5 Qd7 20. exd4 Nb4 21.
Qc3 1-0

[Event "M.Chigorin Memorial"]
[Site "St. Petersburg RUS"]
[Date "2009.10.16"]
[Round "1.28"]
[White "Vunder, Andrey"]
[Black "Turov, Maxim"]
[Result "0-1"]
[WhiteElo "2246"]
[BlackElo "2595"]
[PlyCount "98"]

1. d4 g6 2. Nf3 Bg7 3. c3 d6 4. e4 Nf6 5. Bd3 O-O 6. O-O Nc6 7. Re1 Bg4 8. Nbd2
e5 9. h3 Bd7 10. dxe5 dxe5 11. Nc4 Nh5 12. Qc2 Nf4 13. Bf1 Qf6 14. Bxf4 Qxf4
15. Qd2 Rad8 16. Qe3 Be6 17. Ng5 Bc8 18. Rad1 b5 19. Nd2 Qxe3 20. fxe3 a6 21.
Ngf3 Na5 22. b4 Nb7 23. Nb3 f6 24. c4 c6 25. cxb5 cxb5 26. Rc1 Bh6 27. Rc6 Rd6
28. Rxd6 Nxd6 29. Nc5 Rf7 30. Kf2 Ra7 31. Rd1 Bf8 32. Bd3 Nb7 33. Nxb7 Bxb7 34.
a3 Bc6 35. Bc2 a5 36. Bb3+ Kg7 37. Bd5 Bxd5 38. exd5 axb4 39. axb4 Bxb4 40. Rb1
Ra2+ 41. Kf1 Ra4 42. Ne1 Bc3 43. Ke2 e4 44. Nc2 b4 45. Kd1 Kf7 46. Nd4 Bxd4 47.
exd4 Ke7 48. Kc2 Kd6 49. Kb3 Ra7 0-1

[Event "M.Chigorin Memorial"]
[Site "St. Petersburg RUS"]
[Date "2009.10.16"]
[Round "1.29"]
[White "Deviatkin, Andrei"]
[Black "Kartsev, Soel"]
[Result "1-0"]
[WhiteElo "2593"]
[BlackElo "2241"]
[PlyCount "97"]

1. e4 e5 2. Nf3 Nc6 3. Bb5 a6 4. Ba4 Nf6 5. d3 b5 6. Bb3 Bb7 7. a3 Bc5 8. Nc3
d6 9. O-O Nd4 10. Nxd4 Bxd4 11. Qf3 Qe7 12. Ne2 Bb6 13. Ng3 Bc8 14. Nf5 Bxf5
15. Qxf5 Qd7 16. Qf3 Qg4 17. Qxg4 Nxg4 18. h3 Nf6 19. Kh2 h6 20. f4 Nd7 21.
fxe5 Nxe5 22. Bf4 f6 23. Bd5 Rb8 24. a4 b4 25. a5 Bd4 26. Rfb1 Kd7 27. Bd2 c6
28. Bb3 Bc5 29. Ra4 g5 30. Rd1 h5 31. Be1 Be3 32. Rxb4 Rxb4 33. Bxb4 c5 34. Bc3
h4 35. Bd5 Rb8 36. b3 Rb5 37. Bc4 Rb8 38. Bxa6 g4 39. Bxe5 fxe5 40. hxg4 Kc6
41. Bc4 Rf8 42. c3 Rf2 43. b4 cxb4 44. cxb4 Rb2 45. b5+ Kb7 46. b6 Kb8 47. Bd5
Rb5 48. Ra1 Bd4 49. Rf1 1-0